000 00401nam a2200145Ia 4500
008 220217s9999||||xx |||||||||||||| ||und||
020 _a9788131525996
082 _a004 SIP
100 _aSipser, Michael
_99905
245 0 _aIntroduction to the theory of computation
250 _a3
260 _aCengage learning
_bNew Delhi
_c2017
300 _aXXII, 458p.
_b499
650 _aComputer science
999 _c187653
_d187653